Dych života noviny pre pacientov s alergiou a respiračným ochorením

Bibliographic Details
Other Authors: Blašková, Želmíra (Publishing director)
Format: Journal
Language:Slovak
PhysicalDescription:2 zv. 30-34 cm
Published: Bratislava pharco 2016-2017
ISSN:2453-9198
Subjects:

MARC

LEADER 00000cas a2200000 a 4500
001 vtls011582934
003 SK-MaSNL
005 20260228162343.0
008 160929d20162017xo x|p r 001 b0slo
022 |a 2453-9198 
040 |a SVKPO  |b slo  |c SVKPO  |d SNK  |e AACR2 
041 0 |a slo 
044 |a xo  |c SK 
072 7 |a 616  |x Patológia. Klinická medicína  |2 konspekt 
080 |a 616.2  |2 2011 
080 |a 616-02:616-092.19  |2 2001 
080 |a 050  |2 2001 
080 |a (051)-048.55  |2 2011 
210 0 |a Dych živ. 
222 0 |a Dych života 
245 0 0 |a Dych života  |b noviny pre pacientov s alergiou a respiračným ochorením 
260 |a Bratislava  |b pharco  |c 2016-2017 
300 |a 2 zv.  |c 30-34 cm 
310 |a Občasník 
362 0 |a Roč. I, č. 1 (2016)-roč. II, č. 2 (2017) 
500 |a Evidenčné číslo: EV 5429/16 
500 |a Šéfred.: 2016-2017, Želmíra Blašková 
500 |a Č. 1 (2016) rozmer zv. 34 cm ; od č. 2 (2016)-2017 rozmer zv. 30 cm 
650 0 7 |a choroby dýchacích ústrojov  |2 SNKPH  |9 80832 
650 0 7 |a alergia  |2 SNKPH  |9 29852 
655 7 |a špecializované časopisy  |2 SNKPH  |9 70509 
700 1 |a Blašková, Želmíra  |4 pbd  |9 266544 
910 |a snk 
999 |c 7675  |d 9605 
952 |0 0  |1 0  |4 0  |7 0  |8 0  |a SNK  |b SNK  |d 2020-07-02  |i snk2020/11778  |l 0  |o snkČSB 7530/1/2016  |p 17A1430566  |r 2026-02-21 22:01:53  |t č. 1-2  |w 2026-02-21  |y PREZ  |z Rok 2016-2017 zviazané spolu 
952 |0 0  |1 0  |4 0  |7 0  |8 0  |a SNK  |b SNK  |d 2020-07-02  |i snk2020/11778  |l 0  |o snkČSB 7530/2/2017  |p 17A1430565  |r 2026-02-21 22:01:53  |t č. 1-2  |w 2026-02-21  |y PREZ 
952 |0 0  |1 0  |4 0  |7 0  |8 0  |a SNK  |b SNK  |d 2020-07-02  |i snk2020/11783  |l 0  |o snkČSB 7530/1/2016 D1  |p 17A1430564  |r 2026-02-21 22:01:53  |t č. 1-2, neúplné  |w 2026-02-21  |y PREZ  |z Chýba č. 1 ; Rok 2016-2017 zviazané spolu 
952 |0 0  |1 0  |4 0  |7 0  |8 0  |a SNK  |b SNK  |d 2020-07-02  |i snk2020/11783  |l 0  |o snkČSB 7530/2/2017 D1  |p 17A1430563  |r 2026-02-21 22:01:53  |t č. 1-2  |w 2026-02-21  |y PREZ